000 01571nam a2200217Ia 4500
003 Ost
005 20260507075654.0
008 260507s9999||||xx |||||||||||||| ||und||
040 _cfsecg
041 _aara
082 _a346.07
100 _aسامي، محمد فوزي
_eمؤلف
245 0 _aالأوراق التجارية /
_c محمد فوزي سامي
260 _aعمان:
_bمكتبة دار الثقافة للنشر والتوزيع,
_c2004
300 _a390 صفحة؛
_bإيضاحات ؛
_c24 سم
520 _aسند السحب الاسفنجية أو البوليصة: انشاء سند السحب وصيغته، مقابل الوفاء، تداول سند السحب، التطهير، القبول، الضمان الاحتياطي والتضامن، انقضاء الالتزام الصرفي بوفاء، ممارسة الحامل لحقه في الرجوع، انقضاء الالتزام الصرفي بالتقادم، السند للأمر(الكمبالة): انشاء السند للأمر (الكمبالة)، تداول السند للأمر (الكمبالة)، وفاء قيمة السند للأمر (الكمبالة)، التقادم في السند للأمر (الكمبالة)، الشيك: انشاء الشيك، الرصيد أو مقابل الوفاء، تداول الشيك، وفاء قيمة الشيك، التقادم من الشيك، أنواع خاصة في الشيك.
653 _aالأوراق التجارية
653 _aالأوراق النقدية
653 _aالسندات
942 _cكتاب
999 _c45664
_d45664